000 00768nam a22002417a 4500
005 20170926091152.0
008 170925b2015 ck ||||| |||| 00| 0 spa d
020 _a9789583050701
040 _aCO-BoIAVH
_cCO-BoIAVH
041 _aspa
044 _ack
090 _aI-PAN
_b06
100 1 _aOrozco Velásquez, Diana Maria
245 1 0 _aComo cuidar nuestro planeta
260 _aBogotá:
_bPanamericana editorial,
_c2015.
300 _a48 páginas
_bilustraciones
_c28 x 25 cm
650 1 4 _aRecursos naturales
_vConservación
650 1 4 _aEcologia
_vPreguntas
650 1 4 _aEcologia
_vRespuestas
700 _aOrozco, Velasquez, Gina Marcela
700 _aMontenegro Villalba, Margarita
_eeditora
942 _2z
_cLIBRO
999 _c19861
_d19861